[Event "Stay Safe Play from Home 161"]
[Site "T#646205Emanuel Laske"]
[Date "2020.05.20"]
[Round "1"]
[White "Eidgenosse"]
[Black "Lazieri3"]
[Result "1-0"]
[WhiteElo "2408"]
[BlackElo "2133"]
[Annotator "NA"]
[PlyCount "63"]
[EventDate "2020.05.20"]
[EventType "swiss (blitz)"]

1. Nf3 {[%emt 0:00:01]} c6 {[%emt 0:00:01]} 2. g3 {[%emt 0:00:00]} d5 {[%emt 0:00:00]} 3. Bg2 {[%emt 0:00:00]} Nf6 {[%emt 0:00:01]} 4. O-O {[%emt 0:00:00]} Bf5 {[%emt 0:00:00]} 5. d3 {[%emt 0:00:00]} Qc8 {[%emt 0:00:01]} 6. Nbd2 {[%emt 0:00:00]} Bh3 {[%emt 0:00:01]} 7. e4 {[%emt 0:00:00]} h5 {[%emt 0:00:01]} 8. e5 {[%emt 0:00:00]} h4 {[%emt 0:00:01]} 9. exf6 {[%emt 0:00:02]} hxg3 {[%emt 0:00:00]} 10. fxg3 {[%emt 0:00:01]} Bxg2 {[%emt 0:00:01]} 11. Kxg2 {[%emt 0:00:00]} Qh3+ {[%emt 0:00:01]} 12. Kg1 {[%emt 0:00:01]} exf6 {[%emt 0:00:01]} 13. Qe2+ {[%emt 0:00:00]} Kd8 {[%emt 0:00:01]} 14. Qg2 {[%emt 0:00:00]} Qh5 {[%emt 0:00:04]} 15. d4 {[%emt 0:00:01]} Nd7 {[%emt 0:00:02]} 16. c3 {[%emt 0:00:00]} Bd6 {[%emt 0:00:01]} 17. Nb3 {[%emt 0:00:01]} Kc7 {[%emt 0:00:02]} 18. Bd2 {[%emt 0:00:01]} Rh7 {[%emt 0:00:01]} 19. Rf2 {[%emt 0:00:02]} Rah8 {[%emt 0:00:00]} 20. Re1 {[%emt 0:00:01]} Nf8 {[%emt 0:00:04]} 21. Nc5 {[%emt 0:00:05]} Ng6 {[%emt 0:00:03]} 22. b4 {[%emt 0:00:02]} b6 {[%emt 0:00:03]} 23. Nd3 {[%emt 0:00:02]} f5 {[%emt 0:00:02]} 24. Nde5 {[%emt 0:00:02]} f4 {[%emt 0:00:07]} 25. g4 {[%emt 0:00:03]} Qh3 {[%emt 0:00:08]} 26. Qxh3 {[%emt 0:00:02]} Rxh3 {[%emt 0:00:00]} 27. Nxg6 {[%emt 0:00:01]} fxg6 {[%emt 0:00:01]} 28. Ne5 {[%emt 0:00:04]} R8h4 {[%emt 0:00:07]} 29. Bxf4 {[%emt 0:00:03]} a5 {[%emt 0:00:01]} 30. Bg3 {[%emt 0:00:01]} Bxe5 {[%emt 0:00:02]} 31. dxe5 {[%emt 0:00:02]} Rxg4 {[%emt 0:00:01]} 32. e6+ {[%emt 0:00:01] Time (Lag: Av=0.48s, max=0.7s)} 1-0

[Event "Stay Safe Play from Home 161"]
[Site "T#646205Emanuel Laske"]
[Date "2020.05.20"]
[Round "1"]
[White "Mepe_Nika"]
[Black "SecantFX"]
[Result "1-0"]
[WhiteElo "2292"]
[BlackElo "1939"]
[Annotator "NA"]
[PlyCount "47"]
[EventDate "2020.05.20"]
[EventType "swiss (blitz)"]

1. e4 {[%emt 0:00:02]} b6 {[%emt 0:00:02]} 2. d4 {[%emt 0:00:01]} Bb7 {[%emt 0:00:00]} 3. Nc3 {[%emt 0:00:01]} c5 {[%emt 0:00:00]} 4. d5 {[%emt 0:00:01]} d6 {[%emt 0:00:01]} 5. Bb5+ {[%emt 0:00:03]} Nd7 {[%emt 0:00:00]} 6. Nf3 {[%emt 0:00:01]} a6 {[%emt 0:00:00]} 7. Bxd7+ {[%emt 0:00:01]} Qxd7 {[%emt 0:00:01]} 8. a4 {[%emt 0:00:00]} g6 {[%emt 0:00:01]} 9. h4 {[%emt 0:00:01]} Bg7 {[%emt 0:00:01]} 10. h5 {[%emt 0:00:01]} Nf6 {[%emt 0:00:01]} 11. h6 {[%emt 0:00:01]} Bf8 {[%emt 0:00:01]} 12. Bg5 {[%emt 0:00:01]} O-O-O {[%emt 0:00:01]} 13. O-O {[%emt 0:00:01]} Nh5 {[%emt 0:00:02]} 14. Rb1 {[%emt 0:00:01]} f6 {[%emt 0:00:01]} 15. Be3 {[%emt 0:00:02]} g5 {[%emt 0:00:01]} 16. b4 {[%emt 0:00:01]} Bxh6 {[%emt 0:00:02]} 17. bxc5 {[%emt 0:00:01]} dxc5 {[%emt 0:00:03]} 18. Rxb6 {[%emt 0:00:02]} Nf4 {[%emt 0:00:04]} 19. Bxf4 {[%emt 0:00:02]} gxf4 {[%emt 0:00:00]} 20. Qd3 {[%emt 0:00:01]} f5 {[%emt 0:00:07]} 21. Rfb1 {[%emt 0:00:05]} Bxd5 {[%emt 0:00:03]} 22. Rb8+ {[%emt 0:00:05]} Kc7 {[%emt 0:00:01]} 23. Nxd5+ {[%emt 0:00:00]} Kc6 {[%emt 0:00:02]} 24. R1b6# {[%emt 0:00:02] (Lag: Av=0.46s, max=0.8s)} 1-0

[Event "Stay Safe Play from Home 161"]
[Site "T#646205Emanuel Laske"]
[Date "2020.05.20"]
[Round "1"]
[White "Lamborghini"]
[Black "GIULIO19031975"]
[Result "1-0"]
[WhiteElo "2218"]
[BlackElo "1763"]
[Annotator "NA"]
[PlyCount "85"]
[EventDate "2020.05.20"]
[EventType "swiss (blitz)"]

1. e4 {[%emt 0:00:03]} c5 {[%emt 0:00:01]} 2. Nf3 {[%emt 0:00:02]} e6 {[%emt 0:00:00]} 3. d4 {[%emt 0:00:01]} cxd4 {[%emt 0:00:00]} 4. Nxd4 {[%emt 0:00:01]} Nc6 {[%emt 0:00:00]} 5. Nc3 {[%emt 0:00:01]} Bc5 {[%emt 0:00:01]} 6. Nb3 {[%emt 0:00:01]} Bb6 {[%emt 0:00:01]} 7. Qe2 {[%emt 0:00:01]} h6 {[%emt 0:00:00]} 8. Be3 {[%emt 0:00:01]} Nf6 {[%emt 0:00:01]} 9. O-O-O {[%emt 0:00:01]} O-O {[%emt 0:00:01]} 10. Bxb6 {[%emt 0:00:03]} axb6 {[%emt 0:00:01]} 11. e5 {[%emt 0:00:02]} Nd5 {[%emt 0:00:01]} 12. Nxd5 {[%emt 0:00:01]} exd5 {[%emt 0:00:01]} 13. Rxd5 {[%emt 0:00:01]} d6 {[%emt 0:00:00]} 14. Rxd6 {[%emt 0:00:01]} Qg5+ {[%emt 0:00:01]} 15. Qd2 {[%emt 0:00:01]} Qxe5 {[%emt 0:00:01]} 16. f4 {[%emt 0:00:01]} Qf5 {[%emt 0:00:03]} 17. a3 {[%emt 0:00:01]} Na5 {[%emt 0:00:01]} 18. Nd4 {[%emt 0:00:02]} Qc5 {[%emt 0:00:02]} 19. Nf3 {[%emt 0:00:03]} Be6 {[%emt 0:00:01]} 20. Qd4 {[%emt 0:00:03]} Qxd4 {[%emt 0:00:01]} 21. Nxd4 {[%emt 0:00:01]} Rfc8 {[%emt 0:00:00]} 22. Nxe6 {[%emt 0:00:01]} fxe6 {[%emt 0:00:01]} 23. Rxe6 {[%emt 0:00:01]} Nc6 {[%emt 0:00:01]} 24. Bc4 {[%emt 0:00:02]} Kh8 {[%emt 0:00:02]} 25. Rhe1 {[%emt 0:00:02]} Nd4 {[%emt 0:00:01]} 26. Bd3 {[%emt 0:00:01]} Nxe6 {[%emt 0:00:01]} 27. Rxe6 {[%emt 0:00:01]} Re8 {[%emt 0:00:01]} 28. Rxb6 {[%emt 0:00:01]} Re1+ {[%emt 0:00:02]} 29. Kd2 {[%emt 0:00:00]} Rg1 {[%emt 0:00:01]} 30. g3 {[%emt 0:00:01]} Rg2+ {[%emt 0:00:01]} 31. Kc3 {[%emt 0:00:01]} Rc8+ {[%emt 0:00:01]} 32. Kb3 {[%emt 0:00:01]} Rxh2 {[%emt 0:00:00]} 33. Bg6 {[%emt 0:00:01]} Rh3 {[%emt 0:00:01]} 34. f5 {[%emt 0:00:01]} Rxg3+ {[%emt 0:00:01]} 35. c3 {[%emt 0:00:00]} h5 {[%emt 0:00:01]} 36. Rxb7 {[%emt 0:00:01]} h4 {[%emt 0:00:01]} 37. Rb4 {[%emt 0:00:00]} Rh3 {[%emt 0:00:04]} 38. a4 {[%emt 0:00:01]} Rh2 {[%emt 0:00:01]} 39. a5 {[%emt 0:00:00]} h3 {[%emt 0:00:01]} 40. a6 {[%emt 0:00:00]} Rh1 {[%emt 0:00:01]} 41. a7 {[%emt 0:00:01]} Ra8 {[%emt 0:00:01]} 42. Rb8+ {[%emt 0:00:01]} Rxb8+ {[%emt 0:00:07]} 43. axb8=Q# {[%emt 0:00:00] (Lag: Av=0.31s, max=0.4s)} 1-0

[Event "Stay Safe Play from Home 161"]
[Site "T#646205Emanuel Laske"]
[Date "2020.05.20"]
[Round "1"]
[White "Toosieslide"]
[Black "Karthikchess"]
[Result "0-1"]
[WhiteElo "2158"]
[BlackElo "2449"]
[Annotator "TA"]
[PlyCount "92"]
[EventDate "2020.05.20"]
[EventType "swiss (blitz)"]

{[%evp 21,92,66,61,8,46,31,36,22,29,0,0,0,82,-48,-65,-75,87,77,59,0,1,0,127,127,794,784,1064,1054,1052,712,751,745,739,619,594,583,570,540,777,797,795,786,745,721,840,142,204,-415,-367,-29971,-29972,-29954,-1217,-1175,-1168,-1091,-825,-825,-735,-6019,-695,-2506,-777,-29979,-29968,-29962,-29954,-29976,-29977,-29983,-29984,-29992,-29993]} 1. d4 Nf6 2. c4 c5 3. d5 e6 4. Nc3 exd5 5. cxd5 d6 6. e4 g6 7. Nf3 Bg7 8. h3 O-O 9. Bd3 Re8 10. O-O a6 {10...Nbd7 is the modern continuation.} 11. a4 Nbd7 12. Nd2 {A70: Modern Benoni: 6 e4 g6 7 Nf3.} (12. a5 $14) 12... Ne5 13. Be2 Rb8 14. f4 {White is slightly better.} Ned7 15. Bd3 {[#]} b5 $146 ({Predecessor:} 15... Nf8 16. Qf3 N8d7 17. Nc4 Qc7 18. a5 b5 19. axb6 Nxb6 20. Kh1 Nxc4 21. Bxc4 Qb6 {1-0 (30) Lopuszanski,K (1870)-Mikolajczak,W (1740) Szczyrk 2013}) 16. axb5 axb5 (16... c4 $1 $11 17. Nxc4 (17. Bxc4 axb5 18. Bd3 b4 $15) 17... axb5 18. Nxd6 Qb6+ 19. Kh1 Qxd6) 17. Nxb5 ({Only move:} 17. Bxb5 $16 Nxd5 18. exd5 Bxc3 19. bxc3 Rxb5 20. f5) 17... c4 $1 $15 {[%cal Rc4d3]} 18. Bxc4 {[#]} Nc5 $2 (18... Rxb5 $1 $17 {and life is bright.} 19. Bxb5 Qb6+ {[%mdl 64] Double Attack} 20. Kh2 Qxb5) 19. e5 $16 dxe5 20. fxe5 ({Better is} 20. Nf3 $1 $14 e4 21. Ne5) 20... Rxe5 $11 21. Nf3 $36 {[%mdl 2048] White is more active.} Re8 (21... Re4 $11 22. Nfd4 Bd7) 22. Bf4 $16 Rb6 $2 {[%mdl 8192]} (22... Bd7 $16 23. Nfd4 (23. Bxb8 Qxb8 24. Nfd4 Nce4 $16) 23... Nce4) 23. Bc7 $18 {[%mdl 64] [#] Double Attack} Qd7 24. Bxb6 Nfe4 25. Nbd4 Qb7 26. Bxc5 Nxc5 27. Kh1 Ne4 28. Re1 Nf2+ 29. Kh2 Nxd1 30. Rxe8+ Bf8 31. Rxd1 Kg7 32. Ne5 Bd6 33. Ndc6 $2 (33. Nb5 $18 {has better winning chances.} Qb8 34. Nxd6 Qxd6 35. Rxc8 Qxe5+ 36. Kh1) 33... Bd7 (33... f6 $16 {is a better defense.}) 34. Rf1 $4 {[%mdl 8192]} (34. Re7 $18 {and life is good for White.} Bxe7 35. Nxe7) 34... Bxe8 $19 35. Nd8 $2 (35. Kh1 $19 Qxb2 36. Nf3) 35... Qxb2 36. Ndxf7 Bxe5+ (36... Bxf7 $142 37. Rxf7+ Kh6 38. Kg1 Qd4+ 39. Kf1 Qd1+ 40. Kf2 Bc5+ 41. Kg3 Qe1+ {[%mdl 64] Double Attack} 42. Kf4 Qe3+ 43. Kg4 Qe4+ 44. Kg3 Qxe5+ 45. Rf4 g5 {[%mdl 64] Pin} 46. Kh2 gxf4 47. g4 f3+ 48. Kh1 Qe1+ 49. Bf1 Qxf1+ {[%mdl 64] Double Attack} 50. Kh2 Qg2#) 37. Nxe5 Qxe5+ 38. Kh1 Qd6 39. Bb3 Bd7 40. Rf3 Qb6 41. Kh2 Qd4 42. d6 Qe5+ {Black mates.} 43. Kh1 Qxd6 44. Rf7+ Kh6 45. Rf3 Qd2 46. Re3 Qxe3 {Accuracy: White = 37%, Black = 33%.} 0-1

[Event "Stay Safe Play from Home 161"]
[Site "T#646205Emanuel Laske"]
[Date "2020.05.20"]
[Round "1"]
[White "Castlingarrocco"]
[Black "Mosti"]
[Result "0-1"]
[WhiteElo "2048"]
[BlackElo "2461"]
[PlyCount "42"]
[EventDate "2020.05.20"]
[EventType "swiss (blitz)"]

1. d4 {[%emt 0:00:02]} e6 {[%emt 0:00:00]} 2. e3 {[%emt 0:00:00]} d5 {[%emt 0:00:00]} 3. f4 {[%emt 0:00:00]} Nf6 {[%emt 0:00:00]} 4. Nf3 {[%emt 0:00:00]} g6 {[%emt 0:00:00]} 5. Bd3 {[%emt 0:00:00]} Bg7 {[%emt 0:00:00]} 6. c3 {[%emt 0:00:00]} O-O {[%emt 0:00:00]} 7. Qe2 {[%emt 0:00:00]} b6 {[%emt 0:00:00]} 8. Nbd2 {[%emt 0:00:00]} Bb7 {[%emt 0:00:00]} 9. Ne5 {[%emt 0:00:01]} Nbd7 {[%emt 0:00:00]} 10. O-O {[%emt 0:00:01]} c5 {[%emt 0:00:00]} 11. g4 {[%emt 0:00:01]} Ne4 {[%emt 0:00:01]} 12. Nxe4 {[%emt 0:00:01]} dxe4 {[%emt 0:00:00]} 13. Bc2 {[%emt 0:00:01]} f5 {[%emt 0:00:02]} 14. gxf5 {[%emt 0:00:01]} exf5 {[%emt 0:00:02]} 15. Bd2 {[%emt 0:00:01]} Nxe5 {[%emt 0:00:01]} 16. fxe5 {[%emt 0:00:01]} cxd4 {[%emt 0:00:01]} 17. exd4 {[%emt 0:00:02]} Qh4 {[%emt 0:00:01]} 18. Be3 {[%emt 0:00:03]} f4 {[%emt 0:00:02]} 19. Bb3+ {[%emt 0:00:00]} Kh8 {[%emt 0:00:01]} 20. Bf2 {[%emt 0:00:01]} Qg5+ {[%emt 0:00:02]} 21. Kh1 {[%emt 0:00:01]} e3+ {[%emt 0:00:00] Castlingarrocco abbandona (Lag: Av=0.27s, max=0.8s)} 0-1

[Event "Stay Safe Play from Home 161"]
[Site "T#646205Emanuel Laske"]
[Date "2020.05.20"]
[Round "1"]
[White "Haxhi Baha"]
[Black "Matanant"]
[Result "1-0"]
[WhiteElo "1947"]
[BlackElo "1623"]
[Annotator "NA"]
[PlyCount "61"]
[EventDate "2020.05.20"]
[EventType "swiss (blitz)"]

1. e4 {[%emt 0:00:01]} e5 {[%emt 0:00:03]} 2. Nf3 {[%emt 0:00:01]} d5 {[%emt 0:00:05]} 3. Nxe5 {[%emt 0:00:02]} Bd6 {[%emt 0:00:02]} 4. d4 {[%emt 0:00:01]} dxe4 {[%emt 0:00:02]} 5. f4 {[%emt 0:00:02]} exf3 {[%emt 0:00:02]} 6. Nxf3 {[%emt 0:00:01]} Nf6 {[%emt 0:00:00]} 7. Bc4 {[%emt 0:00:01]} O-O {[%emt 0:00:02]} 8. O-O {[%emt 0:00:00]} Bg4 {[%emt 0:00:01]} 9. Bg5 {[%emt 0:00:01]} h6 {[%emt 0:00:02]} 10. Bh4 {[%emt 0:00:02]} Nbd7 {[%emt 0:00:02]} 11. c3 {[%emt 0:00:01]} c6 {[%emt 0:00:01]} 12. Nbd2 {[%emt 0:00:01]} Qc7 {[%emt 0:00:01]} 13. h3 {[%emt 0:00:03]} Bh5 {[%emt 0:00:02]} 14. g4 {[%emt 0:00:01]} Bg6 {[%emt 0:00:02]} 15. g5 {[%emt 0:00:00]} hxg5 {[%emt 0:00:02]} 16. Nxg5 {[%emt 0:00:01]} Nd5 {[%emt 0:00:02]} 17. Qf3 {[%emt 0:00:05]} N7f6 {[%emt 0:00:01]} 18. Nge4 {[%emt 0:00:03]} Nxe4 {[%emt 0:00:02]} 19. Nxe4 {[%emt 0:00:00]} Rae8 {[%emt 0:00:03]} 20. Nf2 {[%emt 0:00:03]} Nf4 {[%emt 0:00:03]} 21. Qg4 {[%emt 0:00:04]} Re3 {[%emt 0:00:04]} 22. Rae1 {[%emt 0:00:03]} Rxe1 {[%emt 0:00:02]} 23. Rxe1 {[%emt 0:00:00]} b5 {[%emt 0:00:01]} 24. Bb3 {[%emt 0:00:02]} Kh7 {[%emt 0:00:03]} 25. Bg3 {[%emt 0:00:02]} Nh5 {[%emt 0:00:02]} 26. Bxd6 {[%emt 0:00:03]} Qxd6 {[%emt 0:00:00]} 27. Ne4 {[%emt 0:00:02]} Qf4 {[%emt 0:00:01]} 28. Ng5+ {[%emt 0:00:03]} Kh6 {[%emt 0:00:04]} 29. Qxf4 {[%emt 0:00:01]} Nxf4 {[%emt 0:00:02]} 30. Kh2 {[%emt 0:00:01]} f6 {[%emt 0:00:01]} 31. Ne6 {[%emt 0:00:01] Time} 1-0

[Event "Stay Safe Play from Home 161"]
[Site "T#646205Emanuel Laske"]
[Date "2020.05.20"]
[Round "1"]
[White "Emresenar"]
[Black "Klari64"]
[Result "0-1"]
[WhiteElo "1811"]
[BlackElo "2320"]
[Annotator "NA"]
[PlyCount "118"]
[EventDate "2020.05.20"]
[EventType "swiss (blitz)"]

1. g3 {[%emt 0:00:02]} Nf6 {[%emt 0:00:00]} 2. Bg2 {[%emt 0:00:00]} d5 {[%emt 0:00:00]} 3. b3 {[%emt 0:00:00]} g6 {[%emt 0:00:01]} 4. Bb2 {[%emt 0:00:00]} Bg7 {[%emt 0:00:00]} 5. d3 {[%emt 0:00:01]} Nh5 {[%emt 0:00:01]} 6. Nd2 {[%emt 0:00:01]} Bxb2 {[%emt 0:00:01]} 7. Rb1 {[%emt 0:00:02]} Bg7 {[%emt 0:00:01]} 8. Ngf3 {[%emt 0:00:02]} O-O {[%emt 0:00:01]} 9. O-O {[%emt 0:00:01]} Nc6 {[%emt 0:00:01]} 10. e3 {[%emt 0:00:01]} e5 {[%emt 0:00:00]} 11. Qe2 {[%emt 0:00:01]} f5 {[%emt 0:00:01]} 12. c4 {[%emt 0:00:02]} d4 {[%emt 0:00:01]} 13. e4 {[%emt 0:00:01]} f4 {[%emt 0:00:01]} 14. Ne1 {[%emt 0:00:03]} Nf6 {[%emt 0:00:02]} 15. h3 {[%emt 0:00:02]} g5 {[%emt 0:00:01]} 16. g4 {[%emt 0:00:01]} h5 {[%emt 0:00:00]} 17. f3 {[%emt 0:00:01]} h4 {[%emt 0:00:01]} 18. Kh2 {[%emt 0:00:01]} a5 {[%emt 0:00:00]} 19. a4 {[%emt 0:00:01]} Nb4 {[%emt 0:00:01]} 20. Rb2 {[%emt 0:00:03]} c5 {[%emt 0:00:00]} 21. Nc2 {[%emt 0:00:01]} b6 {[%emt 0:00:00]} 22. Nxb4 {[%emt 0:00:01]} axb4 {[%emt 0:00:00]} 23. Ra1 {[%emt 0:00:01]} Ra5 {[%emt 0:00:00]} 24. Rba2 {[%emt 0:00:01]} Bd7 {[%emt 0:00:00]} 25. Qd1 {[%emt 0:00:02]} Bc6 {[%emt 0:00:00]} 26. Qc2 {[%emt 0:00:01]} Qc7 {[%emt 0:00:00]} 27. Kg1 {[%emt 0:00:02]} Rfa8 {[%emt 0:00:00]} 28. Kf2 {[%emt 0:00:01]} Ne8 {[%emt 0:00:00]} 29. Bf1 {[%emt 0:00:01]} Nd6 {[%emt 0:00:00]} 30. Be2 {[%emt 0:00:01]} Kf7 {[%emt 0:00:02]} 31. Bf1 {[%emt 0:00:01]} Ke6 {[%emt 0:00:00]} 32. Be2 {[%emt 0:00:01]} Bf6 {[%emt 0:00:01]} 33. Bd1 {[%emt 0:00:01]} Be7 {[%emt 0:00:00]} 34. Qb2 {[%emt 0:00:01]} Bd8 {[%emt 0:00:00]} 35. Nb1 {[%emt 0:00:01]} Qd7 {[%emt 0:00:00]} 36. Nd2 {[%emt 0:00:01]} Qe8 {[%emt 0:00:00]} 37. Nb1 {[%emt 0:00:01]} Qf7 {[%emt 0:00:00]} 38. Nd2 {[%emt 0:00:01]} Qf6 {[%emt 0:00:00]} 39. Nb1 {[%emt 0:00:00]} Qg7 {[%emt 0:00:00]} 40. Nd2 {[%emt 0:00:00]} Qa7 {[%emt 0:00:00]} 41. Nb1 {[%emt 0:00:01]} b5 {[%emt 0:00:00]} 42. cxb5 {[%emt 0:00:05]} Nxb5 {[%emt 0:00:01]} 43. Bc2 {[%emt 0:00:02]} Nc3 {[%emt 0:00:00]} 44. Nxc3 {[%emt 0:00:01]} dxc3 {[%emt 0:00:01]} 45. Qc1 {[%emt 0:00:00]} Qd7 {[%emt 0:00:00]} 46. Ke2 {[%emt 0:00:01]} Qd4 {[%emt 0:00:00]} 47. Qd1 {[%emt 0:00:01]} Bb6 {[%emt 0:00:01]} 48. Qf1 {[%emt 0:00:01]} c4 {[%emt 0:00:00]} 49. Kd1 {[%emt 0:00:01]} Qe3 {[%emt 0:00:00]} 50. Qe2 {[%emt 0:00:01]} Qd2+ {[%emt 0:00:00]} 51. Qxd2 {[%emt 0:00:01]} Rxa4 {[%emt 0:00:00]} 52. Qc1 {[%emt 0:00:03]} Rxa2 {[%emt 0:00:00]} 53. Rxa2 {[%emt 0:00:00]} Be3 {[%emt 0:00:02]} 54. bxc4 {[%emt 0:00:00]} Bxc1 {[%emt 0:00:00]} 55. Bb3 {[%emt 0:00:00]} Rxa2 {[%emt 0:00:02]} 56. c5+ {[%emt 0:00:00]} Bd5 {[%emt 0:00:00]} 57. Bxa2 {[%emt 0:00:00]} Bb3+ {[%emt 0:00:00]} 58. Kxc1 {[%emt 0:00:00]} Bxa2 {[%emt 0:00:00]} 59. d4 {[%emt 0:00:01]} b3 {[%emt 0:00:00]} 0-1

[Event "Stay Safe Play from Home 161"]
[Site "T#646205Emanuel Laske"]
[Date "2020.05.20"]
[Round "1"]
[White "Tavares"]
[Black "Weltszmerc"]
[Result "0-1"]
[WhiteElo "1705"]
[BlackElo "2024"]
[Annotator "NA"]
[PlyCount "54"]
[EventDate "2020.05.20"]
[EventType "swiss (blitz)"]

1. c4 {[%emt 0:00:02]} Nf6 {[%emt 0:00:00]} 2. Nc3 {[%emt 0:00:02]} e6 {[%emt 0:00:01]} 3. e4 {[%emt 0:00:01]} d5 {[%emt 0:00:00]} 4. e5 {[%emt 0:00:02]} Nfd7 {[%emt 0:00:01]} 5. cxd5 {[%emt 0:00:04]} exd5 {[%emt 0:00:00]} 6. d4 {[%emt 0:00:01]} c5 {[%emt 0:00:01]} 7. Nf3 {[%emt 0:00:00]} cxd4 {[%emt 0:00:02]} 8. Nxd5 {[%emt 0:00:01]} Nc6 {[%emt 0:00:02]} 9. Bd3 {[%emt 0:00:03]} Qa5+ {[%emt 0:00:01]} 10. Bd2 {[%emt 0:00:02]} Qxd5 {[%emt 0:00:02]} 11. Qc2 {[%emt 0:00:01]} Nb4 {[%emt 0:00:02]} 12. Bxb4 {[%emt 0:00:03]} Bxb4+ {[%emt 0:00:00]} 13. Ke2 {[%emt 0:00:00]} Nxe5 {[%emt 0:00:04]} 14. a3 {[%emt 0:00:00]} Nxf3 {[%emt 0:00:04]} 15. gxf3 {[%emt 0:00:00]} Bd6 {[%emt 0:00:03]} 16. Bxh7 {[%emt 0:00:01]} Be6 {[%emt 0:00:02]} 17. Be4 {[%emt 0:00:03]} d3+ {[%emt 0:00:03]} 18. Bxd3 {[%emt 0:00:04]} Qe5+ {[%emt 0:00:01]} 19. Be4 {[%emt 0:00:02]} O-O {[%emt 0:00:03]} 20. Rag1 {[%emt 0:00:03]} Rac8 {[%emt 0:00:02]} 21. Qb1 {[%emt 0:00:01]} Bc4+ {[%emt 0:00:01]} 22. Ke1 {[%emt 0:00:02]} f5 {[%emt 0:00:02]} 23. Rg5 {[%emt 0:00:02]} Qf4 {[%emt 0:00:03]} 24. Rhg1 {[%emt 0:00:01]} Rc7 {[%emt 0:00:02]} 25. Bd5+ {[%emt 0:00:08]} Bxd5 {[%emt 0:00:02]} 26. Qd3 {[%emt 0:00:00]} Rc1+ {[%emt 0:00:03]} 27. Ke2 {[%emt 0:00:01]} Re8+ {[%emt 0:00:01] Tavares resigns (Lag: Av=0.65s, max=1.2s)} 0-1

[Event "Stay Safe Play from Home 161"]
[Site "T#646205Emanuel Laske"]
[Date "2020.05.20"]
[Round "2"]
[White "Eidgenosse"]
[Black "Lamborghini"]
[Result "1-0"]
[WhiteElo "2414"]
[BlackElo "2221"]
[Annotator "NA"]
[PlyCount "149"]
[EventDate "2020.05.20"]
[EventType "swiss (blitz)"]

1. Nf3 {[%emt 0:00:00]} Nf6 {[%emt 0:00:02]} 2. g3 {[%emt 0:00:00]} g6 {[%emt 0:00:00]} 3. Bg2 {[%emt 0:00:00]} Bg7 {[%emt 0:00:00]} 4. O-O {[%emt 0:00:00]} O-O {[%emt 0:00:00]} 5. d3 {[%emt 0:00:00]} d6 {[%emt 0:00:01]} 6. Nbd2 {[%emt 0:00:00]} e5 {[%emt 0:00:01]} 7. e4 {[%emt 0:00:00]} Nfd7 {[%emt 0:00:01]} 8. c4 {[%emt 0:00:02]} Nc5 {[%emt 0:00:01]} 9. Qe2 {[%emt 0:00:01]} Ne6 {[%emt 0:00:01]} 10. a3 {[%emt 0:00:01]} c5 {[%emt 0:00:01]} 11. b4 {[%emt 0:00:01]} Nc6 {[%emt 0:00:00]} 12. Bb2 {[%emt 0:00:01]} b6 {[%emt 0:00:01]} 13. Nb1 {[%emt 0:00:02]} cxb4 {[%emt 0:00:01]} 14. axb4 {[%emt 0:00:01]} Nxb4 {[%emt 0:00:01]} 15. Nc3 {[%emt 0:00:00]} Nc6 {[%emt 0:00:01]} 16. Nd5 {[%emt 0:00:01]} Bb7 {[%emt 0:00:01]} 17. Rfb1 {[%emt 0:00:01]} Ncd4 {[%emt 0:00:01]} 18. Bxd4 {[%emt 0:00:01]} Nxd4 {[%emt 0:00:01]} 19. Nxd4 {[%emt 0:00:01]} exd4 {[%emt 0:00:01]} 20. Qb2 {[%emt 0:00:03]} Bxd5 {[%emt 0:00:01]} 21. exd5 {[%emt 0:00:01]} Re8 {[%emt 0:00:02]} 22. Qb5 {[%emt 0:00:01]} Re7 {[%emt 0:00:02]} 23. Qc6 {[%emt 0:00:01]} Qe8 {[%emt 0:00:02]} 24. h4 {[%emt 0:00:03]} Rd8 {[%emt 0:00:02]} 25. Be4 {[%emt 0:00:04]} h5 {[%emt 0:00:01]} 26. Kg2 {[%emt 0:00:01]} f5 {[%emt 0:00:01]} 27. Bf3 {[%emt 0:00:00]} Kh7 {[%emt 0:00:01]} 28. Qxe8 {[%emt 0:00:02]} Rdxe8 {[%emt 0:00:01]} 29. Rb2 {[%emt 0:00:00]} Rc8 {[%emt 0:00:01]} 30. Rba2 {[%emt 0:00:01]} Rcc7 {[%emt 0:00:00]} 31. Rb1 {[%emt 0:00:01]} Be5 {[%emt 0:00:01]} 32. Rba1 {[%emt 0:00:01]} Kg7 {[%emt 0:00:01]} 33. Rb1 {[%emt 0:00:00]} Kf8 {[%emt 0:00:01]} 34. Rba1 {[%emt 0:00:00]} Ke8 {[%emt 0:00:01]} 35. Rb1 {[%emt 0:00:00]} Kd8 {[%emt 0:00:01]} 36. Rba1 {[%emt 0:00:00]} Kc8 {[%emt 0:00:00]} 37. Rb1 {[%emt 0:00:00]} Kb8 {[%emt 0:00:01]} 38. Rba1 {[%emt 0:00:00]} Rc5 {[%emt 0:00:01]} 39. Rb1 {[%emt 0:00:00]} Rec7 {[%emt 0:00:01]} 40. Rb3 {[%emt 0:00:00]} Kc8 {[%emt 0:00:02]} 41. Rba3 {[%emt 0:00:01]} Kb8 {[%emt 0:00:03]} 42. Rb3 {[%emt 0:00:00]} Rb7 {[%emt 0:00:01]} 43. Rba3 {[%emt 0:00:01]} b5 {[%emt 0:00:01]} 44. cxb5 {[%emt 0:00:03]} Rcxb5 {[%emt 0:00:00]} 45. Rc2 {[%emt 0:00:01]} Rb3 {[%emt 0:00:01]} 46. Ra6 {[%emt 0:00:03]} Rc3 {[%emt 0:00:01]} 47. Rd2 {[%emt 0:00:04]} Rbb3 {[%emt 0:00:02]} 48. Be2 {[%emt 0:00:03]} Rb6 {[%emt 0:00:02]} 49. Rxb6+ {[%emt 0:00:01]} axb6 {[%emt 0:00:01]} 50. Rb2 {[%emt 0:00:00]} f4 {[%emt 0:00:01]} 51. g4 {[%emt 0:00:01]} Kc7 {[%emt 0:00:00]} 52. gxh5 {[%emt 0:00:01]} gxh5 {[%emt 0:00:01]} 53. Kf3 {[%emt 0:00:00]} Rc5 {[%emt 0:00:02]} 54. Ke4 {[%emt 0:00:00]} b5 {[%emt 0:00:00]} 55. Bxh5 {[%emt 0:00:01]} b4 {[%emt 0:00:01]} 56. Bf3 {[%emt 0:00:00]} Rc1 {[%emt 0:00:01]} 57. Rxb4 {[%emt 0:00:01]} Re1+ {[%emt 0:00:00]} 58. Kf5 {[%emt 0:00:00]} Rg1 {[%emt 0:00:03]} 59. Rc4+ {[%emt 0:00:00]} Kd7 {[%emt 0:00:01]} 60. h5 {[%emt 0:00:00]} Ke7 {[%emt 0:00:00]} 61. Rc7+ {[%emt 0:00:00]} Kd8 {[%emt 0:00:01]} 62. Bg4 {[%emt 0:00:00]} Rxg4 {[%emt 0:00:01]} 63. Kxg4 {[%emt 0:00:01]} f3 {[%emt 0:00:00]} 64. h6 {[%emt 0:00:00]} Kxc7 {[%emt 0:00:00]} 65. Kxf3 {[%emt 0:00:01]} Bh8 {[%emt 0:00:00]} 66. Kg4 {[%emt 0:00:00]} Kb6 {[%emt 0:00:00]} 67. Kf5 {[%emt 0:00:00]} Kc5 {[%emt 0:00:00]} 68. Kg6 {[%emt 0:00:00]} Kb4 {[%emt 0:00:00]} 69. Kh7 {[%emt 0:00:00]} Kc3 {[%emt 0:00:01]} 70. f4 {[%emt 0:00:00]} Kxd3 {[%emt 0:00:00]} 71. Kxh8 {[%emt 0:00:00]} Ke3 {[%emt 0:00:00]} 72. Kg7 {[%emt 0:00:00]} d3 {[%emt 0:00:00]} 73. h7 {[%emt 0:00:00]} d2 {[%emt 0:00:00]} 74. h8=Q {[%emt 0:00:00]} d1=Q {[%emt 0:00:00]} 75. Qe8+ {[%emt 0:00:00] Zeit (Lag: Av=0.22s, max=0.8s)} 1-0